Hlasné áno pre rovnú daň

Názory bývalého ekonomického poradcu prezidenta USA D. Mitchela na reformy slovenskej ekonomiky, osobitne na rovnú daň.

Gespeichert in:
Bibliographische Detailangaben
1. Verfasser: Mitchell, Daniel
Format: Buchkapitel
Sprache:Slowakisch
Schlagworte:
Tags: Tag hinzufügen
Keine Tags, Fügen Sie das erste Tag hinzu!

MARC

LEADER 00000naa a2200000 4500
001 r049062
005 20230920090644.5
041 0 |a slo 
044 |a SK 
245 1 0 |a Hlasné áno pre rovnú daň  |c Daniel Mitchell 
520 |a Názory bývalého ekonomického poradcu prezidenta USA D. Mitchela na reformy slovenskej ekonomiky, osobitne na rovnú daň. 
610 2 0 |a reformy hospodárske 
610 2 0 |a reformy daňové 
610 2 0 |a dane rovné 
610 2 0 |a Slovensko 
610 2 0 |a USA 
610 2 0 |a zdaňovanie 
610 2 0 |a sadzby daňové 
100 1 |a Mitchell, Daniel